|
|
|
|
| LEADER |
00000cam a2200000 i 4500 |
| 001 |
1/3653 |
| 008 |
100125q gre d |
| 035 |
|
|
|l 10106450
|
| 040 |
|
|
|a GR-MY-UA
|b gre
|e aacr
|
| 041 |
0 |
|
|a gre
|
| 082 |
0 |
|
|a 823
|2 (22)
|
| 100 |
1 |
|
|a Bronte, Charlotte,
|d 1816-1855.
|
| 245 |
1 |
0 |
|a Τζέην Ευρ /
|c Σαρλότ Μπροντέ ; μετάφραση Β. Λιάσκα
|
| 260 |
|
|
|a Αθήνα :
|b Δαμιανός,
|c [19--?]
|
| 300 |
|
|
|a 237 σ.;
|c 24 εκ.
|
| 600 |
1 |
0 |
|a Bronte, Charlotte,
|d 1816-1855.
|
| 650 |
0 |
0 |
|a English fiction
|y 19th century.
|
| 852 |
|
|
|a INST
|b SAMOS
|e 20100125
|h 823 BRO
|p 005300030840
|q 005300030840
|t BK
|y 0
|
| 901 |
|
|
|a BIBL3-2010-1
|
| 909 |
|
|
|a Σ
|b 158560
|
| 970 |
|
|
|a ΡΟΥΣΣΟΥ
|b ΚΩΝΣΤΑΝΤΙΝΑ
|z 2010/01/25
|